Statistics for Charlie and the Chocolate Factory Characters

Click here to take the quiz!

General Stats

  • This quiz has been taken 13 times
  • The average score is 5 of 7

Answer Stats

HintAnswer% Correct
Johnny DeppWilly Wonka
100%
Philip WiegratzAugustus Gloop
82%
Freddy HighmoreCharlie Bucket
82%
Julia WinterVeruca Salt
82%
Jordan FryMike Teevee
73%
Deep RoyOompa-Loompa
64%
AnnaSophia RobbViolet Beauregarde
64%

Score Distribution

Percentile by Number Answered

Percent of People with Each Score

Your Score History

You have not taken this quiz